Loading...
| Social Science | 0 | 3 | 0 | 0 | 30 | 58 | 77.33 | 1 | 2 | 12.97 | 28.57 |
| Geography | 0 | 3 | 0 | 1 | 30 | 84 | 100.00 | 1 | 3 | 5.92 | 20.00 |
| Fine Arts - Other | 0 | 2 | 0 | 1 | 20 | 77 | 93.50 | 0 | 1 | 4.29 | 7.50 |
| History - American | 0 | 2 | 0 | 0 | 20 | 56 | 79.00 | 0 | 1 | 6.93 | 7.50 |
| History - European | 0 | 2 | 0 | 0 | 20 | 62 | 67.50 | 0 | 2 | 6.70 | 10.00 |
| History - Other | 0 | 2 | 1 | 0 | 15 | 21 | 30.00 | 2 | 2 | 14.56 | 20.00 |
| Current Events | 0 | 1 | 0 | 0 | 10 | 30 | 30.00 | 0 | 1 | 18.06 | 12.50 |
| History - World | 0 | 1 | 0 | 1 | 10 | 109 | 109.00 | 0 | 1 | 0.00 | 5.00 |
| Mythology | 0 | 1 | 0 | 1 | 10 | 121 | 121.00 | 0 | 0 | 0.00 | 2.50 |
| Religion | 0 | 1 | 0 | 0 | 10 | 34 | 34.00 | 0 | 1 | 7.19 | 7.50 |
| Science - Biology | 0 | 1 | 1 | 0 | 5 | 55 | 55.00 | 1 | 1 | 4.71 | 10.00 |
| Popular Culture | 0 | 1 | 2 | 0 | 0 | 13 | 13.00 | 1 | 1 | 14.77 | 12.50 |
| Literature - American | 0 | 0 | 0 | 0 | 0 | 0.00 | 0 | 0 | 0.00 | 0.00 | |
| Philosophy | 0 | 0 | 1 | 0 | -5 | 0.00 | 0 | 0 | 0.00 | 0.00 | |
| Literature - British | 0 | 0 | 1 | 0 | -5 | 0.00 | 0 | 0 | 0.00 | 0.00 |